Départ-destination à partir des villes étapes - Statistiques

Statistiques générales
  • Ce quiz a été pris 66 fois
    12 depuis la dernière actualisation
  • Le résultat moyen est 16 sur 30
Statistiques - réponses
Etapes Départ et arrivée % Correct
Riom, Gannat, Saint-Pourçain-sur-Sioule Clermont-Ferrand
83%
Cormery, Loches, Chatillon-sur-Indre Tours
83%
Caen
67%
Calais
67%
Loon-Plage, Gravelines, Oye-Plage Dunkerque
67%
La Rochelle
67%
Bellegarde, Arles, Saint-Martin-de-Crau Nîmes
67%
Orléans
67%
Pau
67%
Poitiers
67%
Sarrola-Carcopino, Corte, Biguglia Ajaccio
58%
Bastia
58%
Rouillac, Saint-Jean-d'Angély, Surgères Angoulême
50%
Châteauroux
50%
Toul, Joinville, Brienne-le-Château Nancy
50%
Locminé, Pontivy, Loudéac, Plaintel Vannes
50%
Condom, Eauze, Aire-sur-l'Adour Agen
42%
Cayenne
42%
Mauléon, Bressuire, Parthenay, Vouillé Cholet
42%
Sainte-Colombe-la-Commanderie, Lisieux, Argences Evreux
42%
Grenoble
42%
Noisy-sur-Ecole, Pithiviers, Loury Melun
42%
Moulins
42%
Saint-Brieuc
42%
Salon-de-Provence
42%
Troyes
42%
Charleville-Mézières
33%
Saint-Bonnet-en-Champsaur, Corps, La Mure Gap
33%
Iracoubo, Sinnamary, Kouou Saint-Laurent-du-Maroni
33%
Isles-sur-Suippe, Rethel, Poix-Terron Reims
25%
Aucun quiz correspondant
Distribution des résultats
% des personnes avec chaque résultat
Percentile par nombre de réponses
Votre historique - résultats
Vous n’avez pas pris ce quiz depuis la dernière actualisation